[Event "European School-ch 2019"]
[Site "Mamaia"]
[Date "2019.06.05"]
[Round "6.30"]
[White "Ochedzan, Filip"]
[Black "Tutunculer, Cagan"]
[Result "1-0"]
[WhiteElo "1298"]
[BlackElo "1193"]
[Annotator "NA RC"]
[PlyCount "43"]
[EventDate "2019.05.31"]
[EventType "swiss"]
[EventCountry "ROU"]
[SourceTitle "playchess.com"]
[Source "ChessBase"]
[SourceQuality "1"]
[TimeControl "40/5400+30:1800+30"]

1. e4 {[%emt 0:00:00]} c5 {[%emt 0:00:00]} 2. Nf3 {[%emt 0:00:00]} d6 {[%emt 0:00:03]} 3. d4 {[%emt 0:00:32]} cxd4 {[%emt 0:00:11]} 4. Nxd4 {[%emt 0:00:21]} Nf6 {[%emt 0:00:34]} 5. Nc3 {[%emt 0:00:41]} g6 {[%emt 0:00:22]} 6. Be3 {[%emt 0:01:03]} Bg7 {[%emt 0:00:42]} 7. f3 {[%emt 0:00:55]} O-O {[%emt 0:00:57]} 8. Qd2 {[%emt 0:01:02]} Nc6 {[%emt 0:01:06]} 9. g4 {[%emt 0:00:55]} Bd7 {[%emt 0:01:37]} 10. O-O-O {[%emt 0:01:26]} Rc8 {[%emt 0:03:43]} 11. h4 {[%emt 0:02:07]} h5 {[%emt 0:00:29]} 12. gxh5 Nxh5 {[%emt 0:00:42]} 13. Rg1 {[%emt 0:07:44]} Ne5 {[%emt 0:02:58]} 14. f4 {[%emt 0:05:01]} Nc4 {[%emt 0:07:32]} 15. Bxc4 {[%emt 0:00:56]} Rxc4 {[%emt 0:00:26]} 16. f5 {[%emt 0:05:00]} Qe8 {[%emt 0:05:40]} 17. Rg2 {[%emt 0:13:02]} gxf5 {[%emt 0:16:26]} 18. Qe2 {[%emt 0:02:58]} Rxc3 {[%emt 0:09:06]} 19. bxc3 {[%emt 0:00:49]} f6 {[%emt 0:00:25]} 20. exf5 {[%emt 0:02:31]} Qf7 {[%emt 0:01:03]} 21. Rdg1 {[%emt 0:01:53]} Kh7 {[%emt 0:02:35]} 22. Rg6 1-0

[Event "European School-ch 2019"]
[Site "Mamaia"]
[Date "2019.06.05"]
[Round "6.32"]
[White "Mammadli, Ali"]
[Black "Qalabegashvili, Data"]
[Result "0-1"]
[WhiteElo "1220"]
[BlackElo "1309"]
[Annotator "NA RC"]
[PlyCount "84"]
[EventDate "2019.05.31"]
[EventType "swiss"]
[EventCountry "ROU"]
[SourceTitle "playchess.com"]
[Source "ChessBase"]
[SourceQuality "1"]
[TimeControl "40/5400+30:1800+30"]

1. Nc3 {[%emt 0:00:00]} c5 {[%emt 0:00:20]} 2. Nf3 {[%emt 0:00:00]} Nc6 {[%emt 0:00:15]} 3. d4 {[%emt 0:00:00]} cxd4 {[%emt 0:00:15]} 4. Nxd4 {[%emt 0:00:00]} g6 {[%emt 0:00:25]} 5. g3 {[%emt 0:00:09]} Bg7 {[%emt 0:00:25]} 6. Be3 {[%emt 0:00:10]} d6 {[%emt 0:00:39]} 7. Bg2 {[%emt 0:00:04]} Bd7 {[%emt 0:00:11]} 8. O-O {[%emt 0:00:06]} Nf6 {[%emt 0:00:37]} 9. Qd2 {[%emt 0:01:32]} O-O {[%emt 0:00:39]} 10. Nb3 {[%emt 0:01:36]} Rc8 {[%emt 0:01:12]} 11. Rad1 {[%emt 0:00:52]} a6 {[%emt 0:01:19]} 12. Na4 {[%emt 0:04:22]} Bf5 {[%emt 0:02:37]} 13. Nb6 {[%emt 0:02:52]} Rc7 {[%emt 0:01:02]} 14. Nc4 {[%emt 0:00:26]} Qe8 {[%emt 0:02:54]} 15. Bb6 {[%emt 0:01:16]} Rc8 {[%emt 0:00:55]} 16. Rfe1 {[%emt 0:02:04]} Nd7 {[%emt 0:01:23]} 17. c3 {[%emt 0:07:29]} Be6 {[%emt 0:02:59]} 18. Bd5 {[%emt 0:01:03]} Bxd5 {[%emt 0:02:04]} 19. Qxd5 {[%emt 0:00:08]} Nxb6 {[%emt 0:03:27]} 20. Nxb6 {[%emt 0:00:11]} Rd8 {[%emt 0:01:27]} 21. Nd4 {[%emt 0:02:25]} Nxd4 {[%emt 0:01:59]} 22. cxd4 {[%emt 0:00:06]} e6 {[%emt 0:02:28]} 23. Qb3 {[%emt 0:04:44]} Qe7 {[%emt 0:03:26]} 24. e3 {[%emt 0:00:49]} e5 {[%emt 0:12:29]} 25. d5 {[%emt 0:00:37]} f5 {[%emt 0:01:20]} 26. Rc1 {[%emt 0:00:51]} g5 {[%emt 0:04:09]} 27. Qc4 {[%emt 0:01:37]} Rf7 {[%emt 0:01:05]} 28. Rc2 {[%emt 0:01:43]} f4 {[%emt 0:00:53]} 29. e4 {[%emt 0:05:35]} fxg3 {[%emt 0:01:46]} 30. hxg3 {[%emt 0:00:47]} h5 {[%emt 0:02:39]} 31. Qe2 {[%emt 0:03:37]} h4 32. Qg4 {[%emt 0:00:06]} hxg3 {[%emt 0:03:11]} 33. Qxg3 {[%emt 0:00:07]} Rdf8 {[%emt 0:01:50]} 34. Nc4 {[%emt 0:01:32]} Rf4 {[%emt 0:01:50]} 35. Re3 {[%emt 0:02:06]} b5 {[%emt 0:02:44]} 36. Na5 {[%emt 0:01:50]} Qd7 {[%emt 0:02:06]} 37. Kf1 {[%emt 0:04:18]} Qf7 {[%emt 0:01:37]} 38. Nb3 {[%emt 0:00:39]} Qh5 {[%emt 0:01:33]} 39. Rd2 {[%emt 0:02:21]} Rh4 {[%emt 0:01:15]} 40. Rdd3 {[%emt 0:00:00]} Rff4 {[%emt 0:00:00]} 41. f3 {[%emt 0:07:21]} g4 {[%emt 0:03:16]} 42. Nd2 {[%emt 0:00:06]} Rh3 {[%emt 0:00:54]} 0-1

[Event "European School-ch 2019"]
[Site "Mamaia"]
[Date "2019.06.05"]
[Round "6.33"]
[White "Kumar, Sanjit S"]
[Black "Anghelescu, Teodor-Stefan"]
[Result "1/2-1/2"]
[WhiteElo "1392"]
[BlackElo "1266"]
[Annotator "NA RC"]
[PlyCount "83"]
[EventDate "2019.05.31"]
[EventType "swiss"]
[EventCountry "ROU"]
[SourceTitle "playchess.com"]
[Source "ChessBase"]
[SourceQuality "1"]
[TimeControl "40/5400+30:1800+30"]

1. e4 {[%emt 0:00:00]} c5 {[%emt 0:00:00]} 2. Nf3 {[%emt 0:00:00]} e6 {[%emt 0:00:24]} 3. d4 {[%emt 0:00:00]} cxd4 {[%emt 0:00:14]} 4. Nxd4 {[%emt 0:00:00]} a6 {[%emt 0:00:57]} 5. c4 {[%emt 0:00:02]} Qc7 {[%emt 0:00:30]} 6. Nc3 {[%emt 0:00:09]} Nf6 {[%emt 0:00:35]} 7. a3 {[%emt 0:00:13]} Be7 {[%emt 0:01:10]} 8. Be2 {[%emt 0:00:43]} b6 {[%emt 0:00:44]} 9. Be3 {[%emt 0:00:25]} Bb7 {[%emt 0:00:11]} 10. f3 {[%emt 0:00:07]} d6 {[%emt 0:00:27]} 11. O-O {[%emt 0:00:18]} Nbd7 {[%emt 0:00:08]} 12. Qd2 {[%emt 0:01:24]} O-O {[%emt 0:00:13]} 13. Rfd1 {[%emt 0:02:12]} Rfe8 {[%emt 0:00:53]} 14. Rac1 {[%emt 0:01:09]} Rac8 {[%emt 0:00:00]} 15. b4 {[%emt 0:01:47]} Qb8 {[%emt 0:01:05]} 16. Qe1 {[%emt 0:03:50]} Bd8 {[%emt 0:03:25]} 17. Qf2 {[%emt 0:04:09]} Bc7 {[%emt 0:00:57]} 18. Kh1 {[%emt 0:02:19]} Qa8 {[%emt 0:07:57]} 19. Nc2 {[%emt 0:16:30]} Qb8 {[%emt 0:01:40]} 20. Na4 {[%emt 0:09:53]} Ba8 {[%emt 0:00:46]} 21. c5 {[%emt 0:03:10]} dxc5 {[%emt 0:02:15]} 22. bxc5 {[%emt 0:00:32]} b5 {[%emt 0:00:41]} 23. Nc3 {[%emt 0:03:30]} Bf4 {[%emt 0:05:19]} 24. Bxf4 {[%emt 0:03:01]} Qxf4 {[%emt 0:00:09]} 25. Nb4 {[%emt 0:03:42]} Nxc5 {[%emt 0:02:11]} 26. Qe1 {[%emt 0:09:31]} h5 {[%emt 0:33:17]} 27. Nxa6 {[%emt 0:02:40]} Nxa6 {[%emt 0:05:45]} 28. Bxb5 {[%emt 0:00:22]} Nc7 {[%emt 0:01:00]} 29. Bxe8 {[%emt 0:00:19]} Ncxe8 {[%emt 0:00:30]} 30. Ne2 {[%emt 0:01:00]} Qb8 {[%emt 0:01:25]} 31. Rxc8 {[%emt 0:00:29]} Qxc8 {[%emt 0:00:05]} 32. Qc3 {[%emt 0:01:21]} Qxc3 {[%emt 0:00:45]} 33. Nxc3 {[%emt 0:00:09]} Kf8 {[%emt 0:00:12]} 34. Kg1 {[%emt 0:00:28]} Ke7 {[%emt 0:00:52]} 35. Kf2 {[%emt 0:00:19]} g5 {[%emt 0:01:27]} 36. Ke3 {[%emt 0:01:19]} e5 {[%emt 0:00:34]} 37. a4 {[%emt 0:00:56]} Nd6 {[%emt 0:00:24]} 38. Kd3 {[%emt 0:01:49]} Kd7 {[%emt 0:02:00]} 39. Nb5 {[%emt 0:00:00]} Nxb5 {[%emt 0:00:00]} 40. axb5 {[%emt 0:00:00]} Kc7 {[%emt 0:00:00]} 41. Kc4 {[%emt 0:01:52]} Nd7 {[%emt 0:04:09]} 42. h3 {[%emt 0:01:05]} 1/2-1/2

[Event "European School-ch 2019"]
[Site "Mamaia"]
[Date "2019.06.05"]
[Round "6.34"]
[White "Paunescu, Stefan-Vlad"]
[Black "Kumar, Soham"]
[Result "1-0"]
[WhiteElo "1358"]
[BlackElo "1393"]
[Annotator "NA RC"]
[PlyCount "119"]
[EventDate "2019.05.31"]
[EventType "swiss"]
[EventCountry "ROU"]
[SourceTitle "playchess.com"]
[Source "ChessBase"]
[SourceQuality "1"]
[TimeControl "40/5400+30:1800+30"]

1. d4 {[%emt 0:00:00]} Nf6 {[%emt 0:00:00]} 2. Nc3 {[%emt 0:00:00]} d5 {[%emt 0:00:00]} 3. Bf4 {[%emt 0:00:00]} Bf5 {[%emt 0:00:10]} 4. f3 {[%emt 0:00:00]} e6 {[%emt 0:00:38]} 5. g4 {[%emt 0:00:03]} Bg6 {[%emt 0:00:11]} 6. h4 {[%emt 0:00:17]} h6 {[%emt 0:03:57]} 7. h5 {[%emt 0:00:08]} Bh7 {[%emt 0:00:21]} 8. e3 {[%emt 0:00:33]} Bd6 {[%emt 0:00:41]} 9. Nh3 {[%emt 0:00:30]} Nc6 {[%emt 0:09:10]} 10. a3 {[%emt 0:01:29]} a6 {[%emt 0:00:57]} 11. Bd3 {[%emt 0:00:47]} Qe7 {[%emt 0:06:38]} 12. Qe2 {[%emt 0:04:07]} Na5 {[%emt 0:08:34]} 13. e4 {[%emt 0:02:19]} dxe4 {[%emt 0:06:13]} 14. fxe4 {[%emt 0:00:44]} e5 {[%emt 0:02:50]} 15. dxe5 {[%emt 0:00:23]} Bxe5 {[%emt 0:00:14]} 16. Bxe5 {[%emt 0:00:28]} Qxe5 {[%emt 0:00:12]} 17. O-O-O {[%emt 0:00:36]} O-O-O {[%emt 0:03:44]} 18. Bxa6 {[%emt 0:03:07]} Rde8 {[%emt 0:12:01]} 19. Bd3 {[%emt 0:02:27]} Re6 {[%emt 0:05:13]} 20. Nf2 {[%emt 0:03:14]} Rhe8 {[%emt 0:01:33]} 21. Rhg1 {[%emt 0:01:46]} Nc6 {[%emt 0:01:30]} 22. Bc4 {[%emt 0:01:43]} R6e7 {[%emt 0:01:04]} 23. Nd5 {[%emt 0:01:41]} Nxd5 {[%emt 0:04:05]} 24. Bxd5 {[%emt 0:00:54]} Qf6 {[%emt 0:07:22]} 25. Rgf1 {[%emt 0:03:29]} Qh4 {[%emt 0:04:45]} 26. Bxc6 {[%emt 0:00:48]} bxc6 {[%emt 0:00:10]} 27. Qa6+ Kb8 28. Rd3 {[%emt 0:01:49]} Qg5+ {[%emt 0:00:51]} 29. Kb1 {[%emt 0:00:11]} Re5 {[%emt 0:01:03]} 30. Rb3+ {[%emt 0:01:06]} Rb5 {[%emt 0:00:31]} 31. Qxc6 {[%emt 0:00:35]} Ree5 {[%emt 0:01:09]} 32. Nh3 {[%emt 0:00:45]} Rxb3 {[%emt 0:08:09]} 33. Nxg5 {[%emt 0:00:23]} Rb6 {[%emt 0:01:05]} 34. Qc3 {[%emt 0:01:14]} Rxg5 {[%emt 0:00:48]} 35. Rxf7 {[%emt 0:00:27]} Rb7 {[%emt 0:01:28]} 36. Rxg7 {[%emt 0:01:30]} Bxe4 {[%emt 0:01:04]} 37. Rxg5 {[%emt 0:00:19]} hxg5 {[%emt 0:00:08]} 38. h6 {[%emt 0:00:33]} Rb6 {[%emt 0:00:10]} 39. h7 {[%emt 0:00:11]} Bxh7 {[%emt 0:00:09]} 40. Qh8+ {[%emt 0:00:07]} Kb7 {[%emt 0:00:11]} 41. Qxh7 {[%emt 0:00:07]} Kc8 {[%emt 0:00:13]} 42. Qf5+ Kd8 {[%emt 0:00:08]} 43. Qxg5+ {[%emt 0:00:11]} Ke8 {[%emt 0:00:12]} 44. Qe5+ {[%emt 0:00:12]} Kf8 {[%emt 0:00:11]} 45. Qxc7 {[%emt 0:00:06]} Rg6 {[%emt 0:00:14]} 46. Qf4+ {[%emt 0:00:08]} Kg7 {[%emt 0:00:11]} 47. a4 {[%emt 0:00:40]} Ra6 {[%emt 0:00:08]} 48. a5 {[%emt 0:00:09]} Kg6 {[%emt 0:00:12]} 49. Qc7 {[%emt 0:00:07]} Kg5 {[%emt 0:00:11]} 50. Qb6 {[%emt 0:00:15]} Ra8 {[%emt 0:00:12]} 51. a6 {[%emt 0:00:06]} Kxg4 {[%emt 0:00:08]} 52. a7 {[%emt 0:00:08]} Kf5 {[%emt 0:00:07]} 53. Qb5+ {[%emt 0:00:16]} Kg4 {[%emt 0:00:21]} 54. Qe2+ {[%emt 0:00:16]} Kf5 {[%emt 0:00:07]} 55. Qf3+ {[%emt 0:00:05]} Ke6 {[%emt 0:00:12]} 56. Qxa8 {[%emt 0:00:04]} Kd7 {[%emt 0:00:12]} 57. Qb7+ {[%emt 0:00:04]} Kd6 {[%emt 0:00:10]} 58. a8=Q {[%emt 0:00:06]} Kc5 {[%emt 0:00:15]} 59. Qd5+ {[%emt 0:00:12]} Kb4 {[%emt 0:00:19]} 60. c3# 1-0

[Event "European School-ch 2019"]
[Site "Mamaia"]
[Date "2019.06.05"]
[Round "6.35"]
[White "Taragan, Uri"]
[Black "Danila, Tudor-Gabriel"]
[Result "0-1"]
[WhiteElo "1164"]
[BlackElo "1336"]
[Annotator "NA RC"]
[PlyCount "118"]
[EventDate "2019.05.31"]
[EventType "swiss"]
[EventCountry "ROU"]
[SourceTitle "playchess.com"]
[Source "ChessBase"]
[SourceQuality "1"]
[TimeControl "40/5400+30:1800+30"]

1. d4 {[%emt 0:00:00]} Nf6 {[%emt 0:00:00]} 2. Nc3 {[%emt 0:00:05]} d5 {[%emt 0:00:00]} 3. Bf4 {[%emt 0:00:56]} g6 {[%emt 0:00:00]} 4. Nb5 {[%emt 0:01:23]} Na6 {[%emt 0:00:00]} 5. e3 {[%emt 0:01:53]} Bg7 {[%emt 0:00:41]} 6. Nf3 {[%emt 0:13:15]} O-O {[%emt 0:01:45]} 7. c4 {[%emt 0:02:52]} c6 {[%emt 0:11:07]} 8. Nc3 {[%emt 0:05:03]} Nc7 {[%emt 0:00:12]} 9. Qb3 {[%emt 0:04:58]} dxc4 {[%emt 0:04:38]} 10. Bxc7 {[%emt 0:12:30]} Qxc7 {[%emt 0:00:07]} 11. Bxc4 {[%emt 0:00:49]} Nd7 {[%emt 0:03:51]} 12. Ng5 {[%emt 0:06:19]} e6 {[%emt 0:03:20]} 13. Bxe6 {[%emt 0:02:09]} fxe6 {[%emt 0:00:20]} 14. Nxe6 {[%emt 0:00:44]} Qb6 {[%emt 0:00:06]} 15. Nxf8+ {[%emt 0:02:52]} Kxf8 {[%emt 0:00:55]} 16. Qxb6 {[%emt 0:19:21]} Nxb6 {[%emt 0:01:48]} 17. b3 {[%emt 0:01:44]} Be6 {[%emt 0:00:49]} 18. O-O {[%emt 0:03:14]} a5 {[%emt 0:01:07]} 19. Ne4 {[%emt 0:07:18]} Bd5 {[%emt 0:01:52]} 20. Nc5 {[%emt 0:01:27]} Ra7 {[%emt 0:00:37]} 21. Rfb1 {[%emt 0:02:14]} Ke7 {[%emt 0:00:39]} 22. b4 {[%emt 0:02:18]} Nc4 {[%emt 0:01:28]} 23. b5 {[%emt 0:02:30]} b6 {[%emt 0:04:42]} 24. Na4 {[%emt 0:01:16]} c5 {[%emt 0:04:09]} 25. Nc3 {[%emt 0:03:20]} Bg8 {[%emt 0:00:41]} 26. Rd1 {[%emt 0:00:49]} Rd7 {[%emt 0:00:09]} 27. Ne2 {[%emt 0:00:35]} Na3 {[%emt 0:13:14]} 28. Rac1 {[%emt 0:00:53]} Nxb5 {[%emt 0:00:23]} 29. dxc5 {[%emt 0:00:34]} Rxd1+ {[%emt 0:00:15]} 30. Rxd1 {[%emt 0:00:03]} bxc5 {[%emt 0:00:07]} 31. Rb1 {[%emt 0:01:10]} Bc4 {[%emt 0:01:11]} 32. Nf4 {[%emt 0:00:41]} g5 {[%emt 0:00:56]} 33. Nd5+ {[%emt 0:00:37]} Ke6 {[%emt 0:01:16]} 34. Nb6 {[%emt 0:00:26]} Nc3 {[%emt 0:00:47]} 35. Re1 {[%emt 0:00:37]} Bxa2 {[%emt 0:01:04]} 36. h3 {[%emt 0:00:30]} Kd6 {[%emt 0:00:53]} 37. Nc8+ {[%emt 0:00:27]} Kd7 {[%emt 0:00:14]} 38. Nb6+ {[%emt 0:00:08]} Kc7 {[%emt 0:00:05]} 39. Na8+ {[%emt 0:00:57]} Kb7 {[%emt 0:00:10]} 40. Kh2 {[%emt 0:00:00]} Kxa8 {[%emt 0:00:00]} 41. Kg3 {[%emt 0:00:28]} Be5+ {[%emt 0:01:10]} 42. Kg4 {[%emt 0:00:22]} Bf6 {[%emt 0:01:17]} 43. Kf5 {[%emt 0:00:35]} Be7 {[%emt 0:00:27]} 44. Rc1 {[%emt 0:00:22]} Nd5 {[%emt 0:00:21]} 45. e4 {[%emt 0:00:40]} Nc7 {[%emt 0:00:32]} 46. Ra1 {[%emt 0:00:32]} Be6+ {[%emt 0:00:35]} 47. Ke5 {[%emt 0:00:20]} Kb7 {[%emt 0:00:22]} 48. Rxa5 {[%emt 0:00:27]} Kb6 {[%emt 0:01:41]} 49. Ra1 {[%emt 0:00:26]} Kc6 {[%emt 0:01:11]} 50. Ra7 {[%emt 0:00:40]} c4 {[%emt 0:00:42]} 51. Ra1 {[%emt 0:00:51]} Bb4 {[%emt 0:02:58]} 52. Rc1 {[%emt 0:00:51]} Ba3 {[%emt 0:00:25]} 53. Rc2 {[%emt 0:00:13]} Kc5 {[%emt 0:01:26]} 54. g3 {[%emt 0:00:24]} Kb4 {[%emt 0:00:26]} 55. Kd4 {[%emt 0:00:23]} c3 {[%emt 0:00:45]} 56. f4 {[%emt 0:00:29]} Bb3 {[%emt 0:01:04]} 57. Rg2 {[%emt 0:00:43]} c2 {[%emt 0:00:28]} 58. Rxc2 {[%emt 0:00:15]} Bxc2 {[%emt 0:00:05]} 59. e5 {[%emt 0:00:12]} gxf4 {[%emt 0:00:21] Ke4} 0-1

[Event "European School-ch 2019"]
[Site "Mamaia"]
[Date "2019.06.05"]
[Round "6.36"]
[White "Babayev, Yusif"]
[Black "Mirzoyan, Davit T."]
[Result "0-1"]
[WhiteElo "1230"]
[BlackElo "2388"]
[Annotator "RC"]
[PlyCount "96"]
[EventDate "2019.05.31"]
[EventType "swiss"]
[EventCountry "ROU"]
[SourceTitle "playchess.com"]
[Source "ChessBase"]
[SourceQuality "1"]
[TimeControl "40/5400+30:1800+30"]

1. e4 {[%emt 0:00:00]} c5 {[%emt 0:00:00]} 2. c3 {[%emt 0:00:00]} e6 {[%emt 0:00:21]} 3. d4 {[%emt 0:00:07]} cxd4 {[%emt 0:00:11]} 4. cxd4 {[%emt 0:00:05]} a6 {[%emt 0:00:17]} 5. Nc3 {[%emt 0:00:47]} b5 {[%emt 0:00:14]} 6. a3 {[%emt 0:01:15]} Bb7 {[%emt 0:00:10]} 7. Bd3 {[%emt 0:00:46]} d6 {[%emt 0:04:20]} 8. Nf3 {[%emt 0:00:41]} Be7 {[%emt 0:03:28]} 9. Bd2 {[%emt 0:00:54]} Nf6 {[%emt 0:01:24]} 10. O-O {[%emt 0:00:31]} O-O {[%emt 0:03:32]} 11. e5 {[%emt 0:08:10]} dxe5 {[%emt 0:01:46]} 12. Nxe5 {[%emt 0:00:29]} Qxd4 {[%emt 0:02:01]} 13. Qe2 {[%emt 0:00:58]} Nbd7 {[%emt 0:01:47]} 14. Nf3 {[%emt 0:01:52]} Bxf3 {[%emt 0:00:17]} 15. gxf3 {[%emt 0:02:02]} Ne5 {[%emt 0:01:58]} 16. Bc2 {[%emt 0:03:28]} Qxd2 {[%emt 0:01:41]} 17. Qxd2 {[%emt 0:01:03]} Nxf3+ {[%emt 0:02:29]} 18. Kh1 {[%emt 0:01:23]} Nxd2 {[%emt 0:00:27]} 19. Rfd1 {[%emt 0:02:10]} Nc4 {[%emt 0:00:50]} 20. b3 {[%emt 0:01:22]} Nb6 {[%emt 0:02:08]} 21. Rg1 {[%emt 0:04:13]} Nbd5 {[%emt 0:03:28]} 22. Ne2 {[%emt 0:01:48]} Rac8 {[%emt 0:00:34]} 23. Bd3 {[%emt 0:04:08]} Bc5 {[%emt 0:01:51]} 24. Rgf1 {[%emt 0:00:43]} Ng4 {[%emt 0:01:37]} 25. Kg1 {[%emt 0:02:19]} Nxf2 {[%emt 0:02:04]} 26. Rxf2 {[%emt 0:00:34]} Nc3 {[%emt 0:01:02]} 27. Kf1 {[%emt 0:01:32]} Bxf2 {[%emt 0:00:12]} 28. Kxf2 {[%emt 0:00:10]} Nxe2 {[%emt 0:01:12]} 29. Kxe2 {[%emt 0:00:11]} Rfd8 {[%emt 0:01:18]} 30. Rd1 {[%emt 0:01:29]} Kf8 {[%emt 0:02:53]} 31. a4 {[%emt 0:03:46]} bxa4 {[%emt 0:01:58]} 32. bxa4 {[%emt 0:00:26]} Rb8 {[%emt 0:04:20]} 33. Bxa6 {[%emt 0:02:18]} Rb2+ {[%emt 0:00:35]} 34. Ke1 {[%emt 0:00:25]} Rxd1+ {[%emt 0:00:29]} 35. Kxd1 {[%emt 0:00:10]} Ke7 {[%emt 0:00:25]} 36. h3 {[%emt 0:03:14]} Kd6 {[%emt 0:00:48]} 37. Bd3 {[%emt 0:01:58]} Kd5 {[%emt 0:00:17]} 38. a5 {[%emt 0:01:53]} Kd4 {[%emt 0:01:02]} 39. Bc2 {[%emt 0:02:33]} f5 {[%emt 0:01:02]} 40. Kc1 {[%emt 0:00:00]} Kc3 {[%emt 0:00:00]} 41. Bb1 {[%emt 0:06:44]} f4 {[%emt 0:03:17]} 42. a6 {[%emt 0:00:19]} f3 {[%emt 0:00:17]} 43. Be4 {[%emt 0:00:39]} f2 {[%emt 0:01:35]} 44. Bg2 {[%emt 0:03:07]} Ra2 {[%emt 0:00:22]} 45. Kd1 {[%emt 0:01:52]} Kd3 {[%emt 0:01:19]} 46. Bf1+ {[%emt 0:00:17]} Ke3 {[%emt 0:00:15]} 47. Bb5 {[%emt 0:01:31]} Rb2 {[%emt 0:01:09]} 48. Bc4 {[%emt 0:06:01]} Rb4 0-1

[Event "European School-ch 2019"]
[Site "Mamaia"]
[Date "2019.06.05"]
[Round "6.41"]
[White "Korolchuk, Vladyslava"]
[Black "Mgeladze, Kesaria"]
[Result "1/2-1/2"]
[WhiteElo "1032"]
[BlackElo "1322"]
[Annotator "NA RC"]
[PlyCount "96"]
[EventDate "2019.05.31"]
[EventType "swiss"]
[EventCountry "ROU"]
[SourceTitle "playchess.com"]
[Source "ChessBase"]
[SourceQuality "1"]
[TimeControl "40/5400+30:1800+30"]

1. c4 {[%emt 0:00:00]} g6 {[%emt 0:00:00]} 2. Nc3 {[%emt 0:00:00]} Bg7 {[%emt 0:00:00]} 3. g3 {[%emt 0:00:00]} d6 {[%emt 0:00:00]} 4. Bg2 {[%emt 0:00:06]} e5 {[%emt 0:00:06]} 5. d3 {[%emt 0:00:33]} Nc6 {[%emt 0:00:23]} 6. Bd2 {[%emt 0:00:37]} a5 {[%emt 0:00:53]} 7. a4 {[%emt 0:01:28]} f5 {[%emt 0:00:31]} 8. Rb1 {[%emt 0:01:32]} Nf6 {[%emt 0:00:19]} 9. Nf3 {[%emt 0:01:15]} O-O {[%emt 0:00:18]} 10. O-O {[%emt 0:03:58]} h6 {[%emt 0:00:40]} 11. Qc1 {[%emt 0:02:07]} Kh7 {[%emt 0:00:19]} 12. b3 {[%emt 0:06:42]} Be6 {[%emt 0:03:07]} 13. Rd1 {[%emt 0:05:36]} d5 {[%emt 0:04:21]} 14. cxd5 {[%emt 0:01:30]} Nxd5 {[%emt 0:00:24]} 15. Rf1 {[%emt 0:09:08]} Ncb4 {[%emt 0:07:09]} 16. Nxd5 {[%emt 0:03:10]} Nxd5 {[%emt 0:00:27]} 17. Qd1 {[%emt 0:04:29]} g5 {[%emt 0:03:02]} 18. e3 {[%emt 0:05:20]} f4 {[%emt 0:11:20]} 19. e4 {[%emt 0:02:27]} Ne7 {[%emt 0:02:22]} 20. h3 {[%emt 0:04:11]} Qxd3 {[%emt 0:02:32]} 21. Ne1 {[%emt 0:02:19]} Qd7 {[%emt 0:01:00]} 22. Kh2 {[%emt 0:02:01]} Rad8 {[%emt 0:01:13]} 23. Rb2 {[%emt 0:02:06]} Qd4 {[%emt 0:02:49]} 24. Ra2 {[%emt 0:02:13]} fxg3+ {[%emt 0:04:08]} 25. fxg3 {[%emt 0:01:44]} Rxf1 {[%emt 0:02:11]} 26. Bxf1 {[%emt 0:00:38]} Qxe4 {[%emt 0:01:20]} 27. Bg2 {[%emt 0:03:29]} Qd4 {[%emt 0:04:21]} 28. Qc2+ {[%emt 0:04:02]} Ng6 {[%emt 0:32:45]} 29. Bxa5 {[%emt 0:05:20]} b6 {[%emt 0:01:26]} 30. Bc3 {[%emt 0:01:13]} Qd7 {[%emt 0:01:27]} 31. Be4 {[%emt 0:02:44]} Bf7 {[%emt 0:01:46]} 32. Nd3 {[%emt 0:01:26]} Qe6 {[%emt 0:01:37]} 33. Rb2 {[%emt 0:01:15]} Kh8 {[%emt 0:01:03]} 34. a5 {[%emt 0:03:15]} Qc8 {[%emt 0:05:39]} 35. Qf2 {[%emt 0:02:13]} Rf8 {[%emt 0:01:27]} 36. axb6 {[%emt 0:02:31]} cxb6 {[%emt 0:00:12]} 37. Bb4 {[%emt 0:01:57]} Bd5 {[%emt 0:02:04]} 38. Bxf8 {[%emt 0:00:27]} Bxe4 {[%emt 0:00:17]} 39. Bxg7+ {[%emt 0:00:56]} Kxg7 {[%emt 0:00:07]} 40. Nxe5 {[%emt 0:00:00]} Nxe5 {[%emt 0:00:00]} 41. Qd4 {[%emt 0:02:45]} Qf5 {[%emt 0:09:20]} 42. Rf2 {[%emt 0:01:54]} Bf3 {[%emt 0:01:49]} 43. Rxf3 {[%emt 0:04:10]} Qxf3 {[%emt 0:00:23]} 44. Qxe5+ {[%emt 0:00:22]} Kg8 {[%emt 0:01:19]} 45. Qe8+ {[%emt 0:00:57]} Kg7 {[%emt 0:00:06]} 46. Qe7+ {[%emt 0:00:35]} Kg8 {[%emt 0:00:04]} 47. Qd8+ {[%emt 0:00:44]} Kg7 {[%emt 0:00:09]} 48. Qe7+ {[%emt 0:00:34]} Kg8 {[%emt 0:00:15]} 1/2-1/2

[Event "European School-ch 2019"]
[Site "Mamaia"]
[Date "2019.06.05"]
[Round "6.42"]
[White "Ismayilova, Khanim"]
[Black "State-Ungureanu, Elena-Anastasia"]
[Result "1-0"]
[WhiteElo "1225"]
[BlackElo "1057"]
[Annotator "NA RC"]
[PlyCount "37"]
[EventDate "2019.05.31"]
[EventType "swiss"]
[EventCountry "ROU"]
[SourceTitle "playchess.com"]
[Source "ChessBase"]
[SourceQuality "1"]
[TimeControl "40/5400+30:1800+30"]

1. d4 {[%emt 0:00:00]} d5 {[%emt 0:00:00]} 2. Bf4 {[%emt 0:00:00]} e6 {[%emt 0:00:00]} 3. Nf3 {[%emt 0:00:00]} Nf6 {[%emt 0:00:06]} 4. e3 {[%emt 0:00:20]} Be7 {[%emt 0:00:07]} 5. Bd3 {[%emt 0:00:18]} O-O {[%emt 0:00:08]} 6. Nbd2 {[%emt 0:00:32]} b6 {[%emt 0:00:16]} 7. Ne5 {[%emt 0:00:17]} c5 {[%emt 0:00:31]} 8. c3 {[%emt 0:00:15]} Nbd7 {[%emt 0:00:09]} 9. Ndf3 {[%emt 0:05:48]} Bb7 {[%emt 0:04:29]} 10. g4 {[%emt 0:01:24]} Bd6 {[%emt 0:13:34]} 11. Nxf7 {[%emt 0:01:51]} Rxf7 {[%emt 0:00:25]} 12. Bxd6 {[%emt 0:00:07]} Nxg4 {[%emt 0:00:23]} 13. h3 {[%emt 0:02:21]} Ngf6 {[%emt 0:02:56]} 14. Ng5 {[%emt 0:00:43]} Re7 {[%emt 0:21:07]} 15. Bxe7 {[%emt 0:01:48]} Qxe7 {[%emt 0:00:07]} 16. Qc2 {[%emt 0:00:47]} c4 {[%emt 0:01:49]} 17. Bxh7+ {[%emt 0:01:39]} Nxh7 {[%emt 0:00:43]} 18. Qxh7+ {[%emt 0:02:50]} Kf8 {[%emt 0:09:28]} 19. Qh8# {[%emt 0:00:07] Ke8} 1-0